Statistiques concernant Clips d'Orelsan par image

Cliquez ici pour prendre le quiz!

Statistiques générales

  • Ce quiz a été pris 167 fois
  • Le résultat moyen est 8 sur 12

Statistiques - réponses

Réponse% Correct
Basique
99%
Défaite de Famille
88%
Tout va bien
85%
La Pluie
82%
Paradis
81%
La Quête
78%
L'Odeur de l'Essence
73%
Rêves Bizarres
72%
Changement
53%
La Terre est Ronde
53%
Dis moi
42%
Si Seul
42%

Distribution des résultats

Percentile par nombre de réponses

% des personnes avec chaque résultat

Votre développement - résultats

Vous n’avez pas pris ce quiz